000 00601cam a2200145 4500500
005 20260208005815.0
041 _afre
042 _adc
100 1 0 _aPhilippot, Didier
_eauthor
245 0 0 _aBRIGITTE DIAZ, Stendhal en sa correspondance ou « L’Histoire d’un esprit ». Paris, Honoré Champion, 2003. Un vol. de 460 p.
260 _c2005.
500 _a1
786 0 _nRevue d'histoire littéraire de la France | 105 | 1 | 2005-02-01 | p. 231j-253j | 0035-2411
856 4 1 _uhttps://shs.cairn.info/revue-d-histoire-litteraire-de-la-france-2005-1-page-231j?lang=fr&redirect-ssocas=7080
999 _c1653858
_d1653858